| 000 | 00601nam a2200193 4500 | ||
|---|---|---|---|
| 001 | 143742 | ||
| 003 | ES-MaACL | ||
| 005 | 20230906200855.0 | ||
| 007 | t| | ||
| 008 | 070214s1931 bl r ||||1| por d | ||
| 100 | 1 |
_aSevero, Ricardo. _9105924 |
|
| 245 | 1 | 0 |
_aA sciencia nautica portuguesa e o descubrimento do Brasil / _cRicardo Severo. |
| 260 |
_aSo Paulo : _b[s. n.], _c1931 ( _fLeon Fefer) |
||
| 300 |
_a24 p. ; _c22 x 15 cm. |
||
| 651 | 7 |
_9169448 _aBrasil _xDescubrimientos y exploraciones _xPortugueses |
|
| 852 |
_aES-MaACL _j1751-F-27 |
||
| 942 |
_2udc _cMONOGRAFIA |
||
| 999 |
_c143742 _d143742 |
||